000 00640nam a22002057a 4500
999 _c6537
_d6537
001 6537
003 BD-JhCC
005 20180125082922.0
008 180125b xxu||||| |||| 00| 0 eng d
035 _a(BD-JhCC)6537
040 _aBD-JhCC
_dBD-JhCC
041 _aeng
082 _a891.4409
_bSUF 1969
245 _aসুফিবাদ ও আমাদের সমাজ /
_cডঃ কাজী দীন মুহম্মদ...[ et. all.].
260 _aঢাকা :
_bনওরোজ কিতাবিস্তান,
_c1969.
300 _a219 p. :
_c22 cm. :
650 _aBenglai Liturature
942 _2ddc
_cBK